LEADER 01902nam 2200373 450 001 9910571734303321 005 20230517084810.0 035 $a(CKB)5860000000047404 035 $a(NjHacI)995860000000047404 035 $a(EXLCZ)995860000000047404 100 $a20230517d2017 uy 0 101 0 $aeng 135 $aur||||||||||| 181 $ctxt$2rdacontent 182 $cc$2rdamedia 183 $acr$2rdacarrier 200 10$aModels and Analysis of Vocal Emissions for Biomedical Applications $e3rd International workshop, December 10-12, 2003, Florence, Italy /$fClaudia Manfredi 210 1$aFlorence, Italy :$cFirenze University Press,$d2017. 215 $a1 online resource (154 pages) 311 $a88-927-3151-3 330 $aThe International Workshop on Models and Analysis of Vocal Emissions for Biomedical Applications (MAVEBA) came into being in 1999 from the particularly felt need of sharing know-how, objectives and results between areas that until then seemed quite distinct such as bioengineering, medicine and singing. MAVEBA deals with all aspects concerning the study of the human voice with applications ranging from the neonate to the adult and elderly. Over the years the initial issues have grown and spread also in other aspects of research such as occupational voice disorders, neurology, rehabilitation, image and video analysis. MAVEBA takes place every two years always in Firenze, Italy. 517 $aModels and Analysis of Vocal Emissions for Biomedical Applications 606 $aVoice disorders 606 $aLaryngectomy 615 0$aVoice disorders. 615 0$aLaryngectomy. 676 $a616 700 $aManfredi$b Claudia$0884412 801 0$bNjHacI 801 1$bNjHacl 906 $aBOOK 912 $a9910571734303321 996 $aModels and analysis of vocal emissions for biomedical applications$91975142 997 $aUNINA LEADER 03456nam 2200637 450 001 9910824515003321 005 20230207232257.0 010 $a1-135-44959-7 010 $a1-135-11313-0 010 $a1-135-44952-X 010 $a0-203-95734-2 035 $a(CKB)2550000001164916 035 $a(EBL)3423748 035 $a(SSID)ssj0000909995 035 $a(PQKBManifestationID)11579654 035 $a(PQKBTitleCode)TC0000909995 035 $a(PQKBWorkID)10930387 035 $a(PQKB)11484916 035 $a(MiAaPQ)EBC3423748 035 $a(MiAaPQ)EBC156586 035 $a(EXLCZ)992550000001164916 100 $a20160428h20032003 uy 0 101 0 $aeng 135 $aur|n|---||||| 181 $ctxt 182 $cc 183 $acr 200 00$aAsian America.Net $eethnicity, nationalism, and cyberspace /$fedited by Rachel C. Lee and Sau-ling Cynthia Wong 210 1$aNew York, New York ;$aLondon, [England] :$cRoutledge,$d2003. 210 4$dİ2003 215 $a1 online resource (0 p.) 300 $aIncludes index. 311 $a0-415-96559-4 311 $a1-299-62736-6 327 $aOrienting Orientalism, or how to map cyberspace / Wendy Hui Kyong Chun -- Cyber-race / Jerry Kang -- Virtually Vietnamese : nationalism on the internet / Kim-An Lieberman -- North American Hindus, the sense of history, and the politics and internet diasporism / Vinay Lal -- Reimaging the community : information technology and web-based Chinese language networks in North America / Yuan Shu -- Laughter in the rain : jokes as membership and resistance / Emily Noelle Ignacio -- The geography of cyberliterature in Korea / Aeju Kim -- Intercollegiate web pedagogy : possibilities and limitations of virtual Asian American studies / John Cheng, Karen Har-Yen Chow, and Pamela Thoma with Rachel C. Lee -- Filipina.com : wives, workers, and whores on the cyberfrontier / Vernadette V. Gonzalez and Robyn Magalit Rodriguez -- Will the real Indian woman log-on? Diaspora, gender, and comportment Linta Varghese -- The revenge of the yellowfaced cyborg terminator : the rape of digital geishas and the colonization of cyber-coolies in 3D realm?s Shadow Warrior / Jeffrey A. Ow -- Good politics, great porn : untangling race, sex, and technology in Asian American cultural productions / Thuy Linh Nguyen Tu -- Queer cyborgs and new mutants : race, sexuality, and prosthetic sociality in digital space / Mimi Nguyen. 330 $aAsian America.Net demonstrates how Asian Americans have both defined and been defined by electronic technology, illuminating the complex networks of identity, community, and history in the digital age. 606 $aTechnological innovations$xSocial aspects$zUnited States 606 $aInternet$xSocial aspects$zUnited States 606 $aCyberspace$xSocial aspects$zUnited States 606 $aMinorities in technology$zUnited States 606 $aAsian Americans$xCommunication 615 0$aTechnological innovations$xSocial aspects 615 0$aInternet$xSocial aspects 615 0$aCyberspace$xSocial aspects 615 0$aMinorities in technology 615 0$aAsian Americans$xCommunication. 676 $a303.483 702 $aLee$b Rachel C.$f1966- 702 $aWong$b Sau-ling Cynthia 801 0$bMiAaPQ 801 1$bMiAaPQ 801 2$bMiAaPQ 906 $aBOOK 912 $a9910824515003321 996 $aAsian America.Net$93988266 997 $aUNINA